| 000 | 00402cam a2200157ua 4500 | ||
|---|---|---|---|
| 041 |
_aeng _h |
||
| 082 |
_a302 _bTHI/SO |
||
| 100 | _aThibant, John W . | ||
| 245 |
_aSocial Psychology of groups / _cH Harold Kelley. _hTextual Documents |
||
| 260 |
_aNew York : _bJohn Wiley & Sons , _c1959. |
||
| 300 | _a313 ; . | ||
| 504 | _a | ||
| 700 | 1 | _aKelley, Harold H . | |
| 942 | _cBK | ||
| 999 |
_c3216 _d3216 |
||